000 01031cam a22003013a 4500
001 22633
003 PGUSA
005 20140828083500.0
008 070916s2007||||xxu|||||s|||||000 | eng d
040 _aPGUSA
_beng
042 _adc
050 4 _aPQ
100 1 _aArnault, A.-V.
_q(Antoine-Vincent),
_d1766-1834
245 1 0 _aSouvenirs d'un sexagénaire, Tome I
_h[electronic resource] /
_cA.-V. Arnault
260 _bProject Gutenberg,
_c2007
506 _aPublic domain in the USA.
516 _aElectronic text
653 _aNapoleon I, Emperor of the French, 1769-1821 -- Contemporaries
653 _aArnault, A.-V. (Antoine-Vincent), 1766-1834
653 _aMalta -- History
653 _aTheater -- France -- Paris
653 _aItaly -- Description and travel
653 _aFrance -- History -- Revolution, 1789-1799 -- Personal narratives
653 _aAuthors -- Correspondence, reminiscences, etc.
830 0 _aProject Gutenberg
_v22633
856 4 0 _uhttp://www.gutenberg.org/ebooks/22633
942 _cEB
999 _c251888
_d251888